000
00159 a2200073 4500
020
_a
9781481490238
082
_a
022/21
245
_a
MRS.SMITH'S SPY SCHOOL FOR GIRLS
999
_c
791921
_d
791920
942
_w
13411
_x
Bongani Makatu
_y
13411
_z
Bongani Makatu